Komentár k vyhláške MPSVaR SR č. 251/2008 Z.z.
Komentár v jednotlivým častiam uvedenej vyhlášky.
Na minha lista:
| Autor principal: | |
|---|---|
| Outros Autores: | |
| Formato: | Capítulo de Livro |
| Idioma: | eslovaco |
| Assuntos: | |
| Tags: |
Sem tags, seja o primeiro a adicionar uma tag!
|
MARC
| LEADER | 00000naa$a2200000$$$4500 | ||
|---|---|---|---|
| 001 | 0080617 | ||
| 005 | 20231114100056.6 | ||
| 041 | 0 | |a slo | |
| 044 | |a SK | ||
| 245 | 1 | 0 | |a Komentár k vyhláške MPSVaR SR č. 251/2008 Z.z. |c Mária Cvečková, Iveta Demčáková |
| 520 | |a Komentár v jednotlivým častiam uvedenej vyhlášky. | ||
| 610 | 2 | 0 | |a euromena |
| 610 | 2 | 0 | |a ceny duálne |
| 610 | 2 | 0 | |a vyhlášky |
| 610 | 2 | 0 | |a Slovensko |
| 610 | 2 | 0 | |a komentáre |
| 100 | 1 | |a Cvečková, Mária | |
| 700 | 1 | |a Demčáková, Iveta | |